Critical issues in crime and justice : (Record no. 11360)
[ view plain ]
| 000 -LEADER | |
|---|---|
| fixed length control field | 00735nam a22002292 4500 |
| 001 - CONTROL NUMBER | |
| control field | 0000020450 |
| 005 - DATE AND TIME OF LATEST TRANSACTION | |
| control field | 20151217154441.0 |
| 008 - FIXED-LENGTH DATA ELEMENTS--GENERAL INFORMATION | |
| fixed length control field | 110919s xx 000 0 eng d |
| 020 ## - INTERNATIONAL STANDARD BOOK NUMBER | |
| International Standard Book Number | 1412970570 : |
| 040 ## - CATALOGING SOURCE | |
| Original cataloging agency | KABU |
| Transcribing agency | KABU |
| 245 10 - TITLE STATEMENT | |
| Title | Critical issues in crime and justice : |
| Remainder of title | thought, policy, and practice / |
| Statement of responsibility, etc. | Mary Maguire, Dan Okada; edotors. |
| 250 ## - EDITION STATEMENT | |
| Edition statement | 1st ed. |
| 260 ## - PUBLICATION, DISTRIBUTION, ETC. (IMPRINT) | |
| Place of publication, distribution, etc. | London : |
| Name of publisher, distributor, etc. | SAGE, |
| Date of publication, distribution, etc. | 2011. |
| 300 ## - PHYSICAL DESCRIPTION | |
| Extent | xv, 377 p. |
| 650 #0 - SUBJECT ADDED ENTRY--TOPICAL TERM | |
| Topical term or geographic name as entry element | Criminal justice, Administration of. |
| -- | 0000179799 |
| 650 #0 - SUBJECT ADDED ENTRY--TOPICAL TERM | |
| Topical term or geographic name as entry element | Criminology. |
| -- | 0000153132 |
| 700 1# - ADDED ENTRY--PERSONAL NAME | |
| Personal name | Maguire, Mary. |
| -- | 0000180709 |
| 700 1# - ADDED ENTRY--PERSONAL NAME | |
| Personal name | Okada, Dan. |
| -- | 0000180710 |
| 852 1# - LOCATION | |
| -- | p4764.70 KES |
| 908 ## - PUT COMMAND PARAMETER (RLIN) | |
| Put command parameter | 110919 |
| 950 ## - LOCAL HOLDINGS (RLIN) | |
| -- | 1 |
| Withdrawn status | Lost status | Source of classification or shelving scheme | Not for loan | Home library | Current library | Date acquired | Total Checkouts | Full call number | Barcode | Date last seen | Date last checked out | Price effective from | Koha item type |
|---|---|---|---|---|---|---|---|---|---|---|---|---|---|
| Library of Congress Classification | Kabarak, Main Campus | Kabarak, Main Campus | 17/12/2015 | 3 | HV7419 .C75 2011 c. 1 | 19205 | 01/11/2018 | 30/10/2018 | 17/12/2015 | General Collection |